Arab Sustainable Development Report 2020 (Record no. 34706)

MARC details
000 -LEADER
fixed length control field 00847nam a2200157 a 4500
008 - FIXED-LENGTH DATA ELEMENTS--GENERAL INFORMATION
fixed length control field 220624s2020 ||||||||||||||||| || u
050 ## - LIBRARY OF CONGRESS CALL NUMBER
Classification number UNESCWA(058)ASDR/2020
110 ## - MAIN ENTRY--CORPORATE NAME
Corporate name or jurisdiction name as entry element United Nations Economic and Social Commission for Western Asia (UNESCWA)
245 10 - TITLE STATEMENT
Title Arab Sustainable Development Report 2020
Statement of responsibility, etc. By United Nations Economic and Social Commission for Western Asia(UNESCWA)
260 ## - PUBLICATION, DISTRIBUTION, ETC.
Place of publication, distribution, etc. Beirut
Name of publisher, distributor, etc. UNITED NATIONS
Date of publication, distribution, etc. 2020
300 ## - PHYSICAL DESCRIPTION
Extent 237 pages : illustrations
650 ## - SUBJECT ADDED ENTRY--TOPICAL TERM
Topical term or geographic name entry element SUSTAINABLE DEVELOPMENT--ARAB COUNTRIES--STATISTICS--PERIODICALS
650 ## - SUBJECT ADDED ENTRY--TOPICAL TERM
Topical term or geographic name entry element SUSTAINABLE DEVELOPMENT GOALS--GOVERNMENT POLICY--PERIODICALS
650 ## - SUBJECT ADDED ENTRY--TOPICAL TERM
Topical term or geographic name entry element ECONOMIC DEVELOPMENT--ARAB COUNTRIES--STATISTICS--PERIODICALS
995 ## - RECOMMENDATION 995 [LOCAL, UNIMARC FRANCE]
-- CBU-MAIN LIBRARY (Kitwe)
-- 1
-- AVAILABLE
-- Jun 24, 2022
-- International Publications
Holdings
Withdrawn status Lost status Source of classification or shelving scheme Damaged status Not for loan Home library Current library Shelving location Date acquired Total Checkouts Full call number Barcode Date last seen Price effective from Koha item type
          CBU-MAIN LIBRARY, KITWE. CBU-MAIN LIBRARY, KITWE.   11/30/2022   UNESCWA(058)ASDR/2020 B4852 11/30/2022 11/30/2022 MONOGRAPH